01760nam a2200253 a 450000100100000000500170001000800410002702000180006804000250008608200250011111000520013624501150018826000350030330000200033850505720035859000260093061000640095665000370102091000420105795201380109995201230123795201290136099900170148900001098220240307073941.0091013s2009 dr r 001 0 spa d a9789993425885 aDO-SdBNPbspacBNPHU a378.1012bI59r, 20092 aInstituto Tecnológico de Santo Domingo97891110aReglamento del personal académico :baprobado en consejo académico mediante resolución no. 02-06/2009 /. aSanto Domingo :bINTEC,c2009. a65 p. ;c22 cm.0 aPresentación-- Definición y objetivos -- De las clasificaciones del personal académico -- De los requesitos de contratación -- De las funciones -- De los derecho y deberes -- De los procedimientos de contración -- De la Remuneración -- Del desarrollo profesoral -- De la evaluación y seguimiento -- De los reconocimientos -- De las faltas y medidas disciplinarias -- De las licencias de los miembros del personal académico -- De la carrera académica -- De la clasificación docente para profesorado por asignatura -- De las disposiciones generales. aInventariado, 2018/BT 0aINSTITUTO TECNOLÓGICO DE SANTO DOMINGOvREGLAMENTOS91629 4aUniversidadesvREGLAMENTOS91627 aValidado. Control de calidad. MMOLINA 001054708DSaGRbGRcHDd2009-10-13iLF1l0o378.1012 I59r, 2009p10982-30r2020-06-25te. 3w2020-06-25yLFDSZPréstamo en sala 0010718PDaPDbPDcHDd2009-10-13iLF1l0o378.1012 I59r, 2009p10982-10r2020-06-25w2020-06-25yLFPDZNo se presta 0010718PDaPDbPDcHDd2009-10-13iLF1l0o378.1012 I59r, 2009p10982-20r2020-06-25te. 2w2020-06-25yLFPDZNo se presta c10720d10720